00981nam a2200241Ia 4500003000400000005001700004008004100021020001800062040001800080041000800098082001900106100002500125245020900150250001200359260004400371300002800415650005200443650003400495650003200529942002700561999001900588952013200607OSt20260114151722.0210716s2016 xx 000 0 und d a9781782172932 cAIMIT LIBRARY aeng a621.3991bSREC aSreejith, C.9251282 aVMware NSX network essentials: blearn how to virtualize your network and discover the full potential of a software defined data center a smarter way to use network resources begins here /cBy Sreejith.c. a1st ed. aMumbai :bPackt Publishing Ltd ,c2016. av,258 p.;bPBc24.5 cm. aNSX virtual networks and logical router9251283 aNSX security features9251284 aNSX troubleshooting9251285 2ddccBKk621.3991 SREC c196775d196775 001040708MCAaAIMITbAIMITeKnowledge Worldg799.00l0o621.3991 SRECpMCA16290r2025-07-21 00:00:00v599.25w2021-07-16yBK